000358724 001__ 358724
000358724 005__ 20250324223002.0
000358724 0247_ $$2doi$$a10.18429/JACOW-PCAPAC2022-THP15
000358724 0247_ $$2datacite_doi$$a10.15120/GSI-2025-00606
000358724 037__ $$aGSI-2025-00606
000358724 041__ $$aEnglish
000358724 1001_ $$0P:(DE-Ds200)OR8738$$aLüghausen, Kai$$b0$$eCorresponding author
000358724 1112_ $$a13th International Workshop on Emerging Technologies and Scientific Facilities Controls$$cDolní Brežany$$d2022-10-04 - 2022-10-07$$gPCaPAC 2022$$wCzech Republic
000358724 245__ $$aNext Generation GSI/FAIR Scalable Control Unit: Lessons Learned from 10 Years in the Field
000358724 260__ $$aGeneva$$bJACoW Publishing$$c2023
000358724 29510 $$aProceedings of the 13th International Workshop on Emerging Technologies and Scientific Facilities Controls, PCaPAC2022, Dolní Brežany, Czech Republic
000358724 300__ $$a3 pages
000358724 3367_ $$2ORCID$$aCONFERENCE_PAPER
000358724 3367_ $$033$$2EndNote$$aConference Paper
000358724 3367_ $$2BibTeX$$aINPROCEEDINGS
000358724 3367_ $$2DRIVER$$aconferenceObject
000358724 3367_ $$2DataCite$$aOutput Types/Conference Paper
000358724 3367_ $$0PUB:(DE-HGF)8$$2PUB:(DE-HGF)$$aContribution to a conference proceedings$$bcontrib$$mcontrib$$s1742803623_3381610
000358724 3367_ $$0PUB:(DE-HGF)7$$2PUB:(DE-HGF)$$aContribution to a book$$mcontb
000358724 500__ $$aPublished by JACoW Publishing under the terms of the Creative Commons Attribution 4.0 International license. Any further distribution of this work must maintain attribution to the author(s), the published article's title, publisher, and DOI.
000358724 520__ $$aThe end-of-life of many components brought the need for a redesign of our main Control System Front-End - the SCU (Scaleable Control Unit). It was a chance to make improvements and use more powerful state-of-the-art core components. This included a new Arria 10 FPGA and a completely redesigned housekeeping circuit based on an AVR microcontroller. Further, the project was cleaned by removing unused components and features. Main frame conditions stay fixed for backward compatibility, like the mechanical form factor or the 16-bit parallel bus. Majority of gateware and firmware could be reused and just some adaptations for the new FPGA were needed. Nevertheless, providing continuous compatibility with legacy peripherals needed a substantial effort.
000358724 536__ $$0G:(DE-HGF)POF4-899$$a899 - ohne Topic (POF4-899)$$cPOF4-899$$fPOF IV$$x0
000358724 588__ $$aDataset connected to DataCite
000358724 650_7 $$2Other$$aAccelerator Physics
000358724 650_7 $$2Other$$aHardware Technologies and Component Integration, System Modeling and Automation
000358724 693__ $$0EXP:(DE-Ds200)no_experiment-20200803$$1EXP:(DE-Ds200)theory-20200803$$5EXP:(DE-Ds200)no_experiment-20200803$$atheory$$eno experiment theory work (theory)$$x0
000358724 7001_ $$0P:(DE-Ds200)OR9832$$aDziewiecki, Michal$$b1
000358724 7001_ $$0P:(DE-HGF)0$$aKaiser, Karlheinz$$b2
000358724 7001_ $$0P:(DE-Ds200)OR0789$$aMay, Gerhard$$b3
000358724 7001_ $$0P:(DE-Ds200)OR1687$$aRauch, Stefan$$b4
000358724 7001_ $$0P:(DE-Ds200)OR2374$$aThieme, Matthias$$b5
000358724 773__ $$a10.18429/JACOW-PCAPAC2022-THP15
000358724 8564_ $$uhttps://repository.gsi.de/record/358724/files/thp15.pdf$$yOpenAccess
000358724 8564_ $$uhttps://repository.gsi.de/record/358724/files/thp15.pdf?subformat=pdfa$$xpdfa$$yOpenAccess
000358724 909CO $$ooai:repository.gsi.de:358724$$popenaire$$popen_access$$pVDB$$pdriver$$pdnbdelivery
000358724 9101_ $$0I:(DE-Ds200)20121206GSI$$6P:(DE-Ds200)OR8738$$aGSI Helmholtzzentrum für Schwerionenforschung GmbH$$b0$$kGSI
000358724 9101_ $$0I:(DE-Ds200)20121206GSI$$6P:(DE-Ds200)OR9832$$aGSI Helmholtzzentrum für Schwerionenforschung GmbH$$b1$$kGSI
000358724 9101_ $$0I:(DE-Ds200)20121206GSI$$6P:(DE-HGF)0$$aGSI Helmholtzzentrum für Schwerionenforschung GmbH$$b2$$kGSI
000358724 9101_ $$0I:(DE-Ds200)20121206GSI$$6P:(DE-Ds200)OR0789$$aGSI Helmholtzzentrum für Schwerionenforschung GmbH$$b3$$kGSI
000358724 9101_ $$0I:(DE-Ds200)20121206GSI$$6P:(DE-Ds200)OR1687$$aGSI Helmholtzzentrum für Schwerionenforschung GmbH$$b4$$kGSI
000358724 9131_ $$0G:(DE-HGF)POF4-899$$1G:(DE-HGF)POF4-890$$2G:(DE-HGF)POF4-800$$3G:(DE-HGF)POF4$$4G:(DE-HGF)POF$$aDE-HGF$$bProgrammungebundene Forschung$$lohne Programm$$vohne Topic$$x0
000358724 9141_ $$y2023
000358724 915__ $$0StatID:(DE-HGF)0510$$2StatID$$aOpenAccess
000358724 915__ $$0LIC:(DE-HGF)CCBY4$$2HGFVOC$$aCreative Commons Attribution CC BY 4.0
000358724 9201_ $$0I:(DE-Ds200)ACO-20051214OR053$$kACO$$lControl Systems$$x0
000358724 980__ $$acontrib
000358724 980__ $$aVDB
000358724 980__ $$aUNRESTRICTED
000358724 980__ $$acontb
000358724 980__ $$aI:(DE-Ds200)ACO-20051214OR053
000358724 9801_ $$aFullTexts